| 000 | 00600nam a22001937a 4500 | ||
|---|---|---|---|
| 003 | OSt | ||
| 005 | 20130412114816.0 | ||
| 008 | 130412s2007 sp ||||| |||| 00| 0 spa d | ||
| 020 | _a97884206488842 | ||
| 040 | _cCDMR | ||
| 100 | 1 |
_91131 _aSeoane, María Cruz |
|
| 245 | 1 | 0 |
_aCuatro siglos de periodismo en España _b: de los avisos a los periódicos digitales _cMarís Cruz Seoane, María Dolores Saiz |
| 260 |
_aMAdrid _bAlianza _cDL 2007 |
||
| 300 | _a395 p. | ||
| 650 | 0 | 4 |
_93173 _aPeriodisme _zEspanya |
| 650 | 0 | 4 |
_91130 _aPremsa _xHistòria |
| 700 | 1 |
_91134 _aSaiz, María Dolores |
|
| 942 |
_2udc _cMON |
||
| 999 |
_c6089 _d6089 |
||